| Tag |
First Indicator |
Second Indicator |
Subfields |
| LEADER |
00000cam a2200000 4500 |
| 001 |
in00000333513 |
| 005 |
20151011051703.0 |
| 008 |
740301s1973 quc b 00100 eng |
| 010 |
|
|
|a 73079094
|
| 015 |
|
|
|a C***
|
| 020 |
|
|
|a 0773501258
|c $20.00
|
| 035 |
|
|
|a (OCoLC)00834909
|
| 035 |
|
|
|9 ABL0174AM
|
| 040 |
|
|
|a DLC
|c DLC
|d TXA
|d UtOrBLW
|
| 049 |
|
|
|a TXAM
|c [1026238]
|
| 050 |
|
0 |
|a B2799.R4
|b D47
|
| 082 |
0 |
|
|a 193
|
| 100 |
1 |
|
|a Despland, Michel.
|
| 245 |
1 |
0 |
|a Kant on history and religion :
|b with a translation of Kant's "On the failure of all attempted philosophical theodicies".
|
| 264 |
|
1 |
|a Montreal :
|b McGill-Queen's University Press,
|c 1973.
|
| 300 |
|
|
|a 355 pages ;
|c 24 cm.
|
| 336 |
|
|
|a text
|b txt
|2 rdacontent
|
| 337 |
|
|
|a unmediated
|b n
|2 rdamedia
|
| 338 |
|
|
|a volume
|b nc
|2 rdacarrier
|
| 504 |
|
|
|a Bibliography: pages [341]-346.
|
| 600 |
1 |
0 |
|a Kant, Immanuel,
|d 1724-1804.
|
| 650 |
|
0 |
|a Religion
|x Philosophy.
|
| 650 |
|
0 |
|a History
|x Philosophy.
|
| 700 |
1 |
2 |
|a Kant, Immanuel,
|d 1724-1804.
|t Uber das misslingen aller philosophischen versuche in der theodizee. English. 1973.
|
| 999 |
|
|
|a MARS
|
| 999 |
f |
f |
|s c3ac1e1d-037c-3e0c-a708-628d0290595d
|i 6db6c350-e949-32cb-a853-f5a8ca4029f7
|t 0
|
| 952 |
f |
f |
|p normal
|a Texas A&M University
|b College Station
|c Sterling C. Evans Library
|d Evans: Library Stacks
|t 0
|e B2799.R4 D47
|h Library of Congress classification
|i unmediated -- volume
|m A14801627072
|
| 998 |
f |
f |
|a B2799.R4 D47
|t 0
|l Evans: Library Stacks
|